000 00495nam a2200121Ia 4500
008 171212s9999 xx 000 0 und d
100 _aRoberts, Ronald Suresh
245 _cRoberts, Ronald Suresh
_aClarence Thomas and the Tough Love Crowd
_bCounterfeit Heroes and Unhappy Truths
260 _bNew York University Press
_c1995
650 _aConservatism -- United States; Afro-American intellectuals -- Attitudes
650 _aPolitical Science
856 _uhttp://www.jstor.org/stable/j.ctt9qg976
999 _c351526
_d351526